Statistics for Denmark Trivia

Click here to take the quiz!

General Stats

  • This quiz has been taken 41 times
  • The average score is 6 of 15

Answer Stats

HintAnswer% Correct
The capital is called what?Copenhagen
97%
Denmark borders which country?Germany
97%
True or False? Denmark is in the EU?True
95%
What is the only peninsula in denmark called?Jutland
68%
Who is the Danish drummer for Metallicia called?Lars Ulrich
47%
Denmark has won how many Nobel Prizes?11
47%
What is Denmarks official name?Kingdom of Denmark
45%
Who is the Danish midfielder that plays for Spurs?Christian Eriksen
37%
If you're not married by 30 what will danes sprinkle on you?Pepper
26%
What landmark was designed by a Dane?Sydney Opera House
21%
What year did Iceland seperate from Denmark?1944
21%
What do people most likely use as their transport in Denamrk?Bikes
18%
Denmark is ranked wehere in the world happiest countries?2nd
11%
Denmark has the 3rd oldest film company in the world name that film company?Nordisk Films
5%
What did Winston Churchill call Denmark?Hitlers Pet Canary
3%

Score Distribution

Percentile by Number Answered

Percent of People with Each Score

Your Score History

You have not taken this quiz